书目信息 |
| 题名: |
点击中国建设-铭记2005.倾听2006
|
|
| 作者: | 中国建设报 | |
| 分册: | ||
| 出版信息: | 机械工业出版社 2006 |
|
| 页数: | ||
| 开本: | 16 | |
| 丛书名: | ||
| 单 册: | ||
| 中图分类: | F426.9 | |
| 科图分类: | ||
| 主题词: | ||
| 电子资源: | ||
| ISBN: | 7-111-19549-3 | |
| 000 | 00946nam0 2200205 450 | |
| 001 | 1261138312 | |
| 005 | 20121004170001.60 | |
| 010 | @a7-111-19549-3@b平@dCNY49 | |
| 100 | @a20070104d2006 em y0chiy0110 ea | |
| 101 | 0 | @achi |
| 102 | @aCN@b110000 | |
| 105 | @ay z 000yy | |
| 200 | 1 | @a点击中国建设-铭记2005.倾听2006@ADian Ji Zhong Guo Jian She-ming Ji 2005.qing Ting 2006@f中国建设报 |
| 210 | @c机械工业出版社@d2006 | |
| 215 | @d16 | |
| 330 | @a自2003年9月就投入策划的“点击中国建设”的观点与文摘版.现已出版了《点击中国建设——温故2003·启示2004》及《点击中国建设——回眸2004·影响2005》即将投入付梓的已是第三个年度的新书:《点击中国建设——铭记2005·倾听2006》它完全是在前两册的基础上,加大了思辨文章的分量,提升并凝聚了年度主题.从而使该书更具针对性及可参考性。自然,它已逐步成为一个理论园地及评论平台。 | |
| 690 | @aF426.9@v4 | |
| 701 | 0 | @a中国建设报@AZhong Guo Jian She Bao |
| 801 | 0 | @aCN@bNLC@c20101222 |
| 905 | @a10447@dF426.9@eJY10 | |
| 点击中国建设-铭记2005.倾听2006/中国建设报.-机械工业出版社,2006 |
| 16 |
| ISBN 7-111-19549-3(平):CNY49 |
| 自2003年9月就投入策划的“点击中国建设”的观点与文摘版.现已出版了《点击中国建设——温故2003·启示2004》及《点击中国建设——回眸2004·影响2005》即将投入付梓的已是第三个年度的新书:《点击中国建设——铭记2005·倾听2006》它完全是在前两册的基础上,加大了思辨文章的分量,提升并凝聚了年度主题.从而使该书更具针对性及可参考性。自然,它已逐步成为一个理论园地及评论平台。 |
| ● |
| 相关链接 |
|
|
|
|
正题名:点击中国建设-铭记2005.倾听2006
索取号:F426.9/JY10
 
预约/预借
| 序号 | 登录号 | 条形码 | 馆藏地/架位号 | 状态 | 备注 |
| 1 | 7813903 | 278139033 | 学院路分馆/ [索取号:F426.9/JY10] | 在馆 | |
| 2 | 7813904 | 278139042 | 学院路分馆/ [索取号:F426.9/JY10] | 在馆 |